Ciencia para Nicolás / (Registro nro. 11113)

Detalles MARC
000 -LIDER
fixed length control field 00868cam a2200325 i 4500
001 - NÚMERO DE CONTROL
Identificador de número de control 0000592
003 - IDENTIFICACDOR DE NÚMERO DE CONTROL
control field DO-SdBNP
005 - DATE AND TIME OF LATEST TRANSACTION
control field 20171121100920.0
007 - CAMPOS FIJOS DE DESCRIPCIÓN FÍSICA
fixed length control field 0000592
008 - ELEMENTOS DE LONGITUD FIJA
fixed length control field 100514s 2006 sp | |||| 000 f spa
015 ## - NÚMERO DENTRO DE LA BIBLIOGRAFÍA NACIONAL
National bibliography number
017 ## - NÚMERO DE REGISTRO DE DERECHOS DE AUTOR
Copyright or legal deposit number
Assigning agency
020 ## - ISBN
International Standard Book Number 8466368426
035 ## - NÚMERO LOCAL
System control number
040 ## - FUENTE DE CATALOGACIÓN
Agencia que crea de manera original el registro BPMSU
Idioma de catalogación spa
Agencia que realiza la transcripción BPMSU
Convenciones de la despripción
080 ## - NÚMERO DE CLASIFICACIÓN DECIMAL UNIVERSAL
Universal Decimal Classification number
082 #4 - NÚMERO DE CLASIFICACIÓN DECIMAL DE DEWEY
Classification number 864.7
Item number C551c
100 1# - ASIENTO PRINCIPAL -- NOMBRE PERSONAL
Nombre personal Chordá, Carlos,
Fechas asociadas con el nombre 1965-
245 10 - MENCIÓN DE TITULO
Título Ciencia para Nicolás /
Mención de responsabilidad Carlos Chordá ; prólogo Javier Armentia
260 ## - PUBLICACIÓN, DISTRIBUCIÓN, ETC. (PIE DE IMPRENTA)
Lugar de publicación, distribución, etc Madrid:
Nombre del editor, distribuidor, etc. Punto de lectura,
Fecha de publicación, distribución, etc 2006.
300 ## - DESCRIPCIÓN FÍSICA
Extensión 285 p.:
Dimensiones 19 cm
490 1# - MENCIÓN DE SERIES
Mención de serie Punto de lectura
Volume/sequential designation 108 / 1
650 #4 - ENCABEZAMIENTO DE MATERIA--TEMÁTICO
Término temático o nombre geográfico como elemento de entrada ENSAYOS ESPAÑOLES
650 #4 - ENCABEZAMIENTO DE MATERIA--TEMÁTICO
Término temático o nombre geográfico como elemento de entrada LITERATURA ESPAÑOLA
700 12 - ASIENTO SECUNDARIO -- NOMBRE PERSONAL
Nombre personal Armentia, Javier,
Mención de responsabilidad pról.
830 #0 - ASIENTO SECUNDARIO DE SERIE--TÍTULO UNIFORME
Título uniforme Punto de lectura
Número de la parte o sección de una obra 108 / 1
942 ## - ADDED ENTRY ELEMENTS (KOHA)
Source of classification or shelving scheme Dewey Decimal Classification
Koha item type Libros
945 ## - INFORMACIÓN DE PROCESAMIENTO LOCAL
Información de procesamiento local Inventariado, 2017/MFF
956 ## - LOCAL ELECTRONIC LOCATION AND ACCESS (OCLC)
Nombre de host YLOCKWARD
Campo enlazado y núm. de secuencia 10
Información de compresión BPMSU
Existencias
Withdrawn status Lost status Source of classification or shelving scheme Damaged status Not for loan Collection code Home library Current library Date acquired Source of acquisition Total Checkouts Full call number Barcode Date last seen Price effective from Koha item type Copy number
    Dewey Decimal Classification     Colección General Biblioteca Pública Metropolitana Salomé Ureña Biblioteca Pública Metropolitana Salomé Ureña 08/08/2016 Alfaguara   864.7 C551c BPMSU16080081 08/08/2016 08/08/2016 Libros  
    Dewey Decimal Classification     Colección General Biblioteca Pública Metropolitana Salomé Ureña Biblioteca Pública Metropolitana Salomé Ureña 08/08/2016 Alfaguara   864.7 C551c BPMSU16080082 08/08/2016 08/08/2016 Libros e. 2
    Dewey Decimal Classification     Colección General Biblioteca Pública Metropolitana Salomé Ureña Biblioteca Pública Metropolitana Salomé Ureña 08/08/2016 Alfaguara   864.7 C551c BPMSU16080083 08/08/2016 08/08/2016 Libros e. 3